| 000 -ლიდერი |
| ფიქსირებული სიგრძის საკონტროლო ველი |
01312nam a2200265Ia 4500 |
| 001 - საკონტროლო ნომერი |
| საკონტროლო ველი |
9745 |
| 003 - საკონტროლო ნომრის იდენტიფიკატორი |
| საკონტროლო ველი |
GE_BSU |
| 005 - ბოლო ოპერაციის თარიღი და დრო |
| საკონტროლო ველი |
20250128102541.0 |
| 008 - ფიქსირებული სიგრძის მონაცემთა ელემენტები - ზოგადი ინფორმაცია |
| ფიქსირებული სიგრძის საკონტროლო ველი |
181216s2012||||ge |||||||||||||| ||geo|| |
| 020 ## - წიგნის საერთაშორისო სტანდარტული ნომერი |
| International Standard Book Number |
9789941181719 |
| 040 ## - კატალოგიზაციის წყარო |
| Transcribing agency |
GE_BSU |
| 041 ## - ენის კოდი |
| Language code of text/sound track or separate title |
geo |
| 080 ## - უნივერსალური ათობითი კლასიფიკაციის ინდექსი |
| Universal Decimal Classification number |
811.353.32.366 ლ-81 |
| 100 ## - მთავარი ჩანაწერი - პიროვნების სახელი |
| Personal name |
ლომაია, მაია |
| 9 (RLIN) |
24138 |
| 245 ## - ცნობა სათაურის შესახებ |
| Title |
მეგრული ტექსტები = MEGRELIAN TEXTS : |
| Remainder of title |
ნაწ. 2 / |
| Statement of responsibility, etc |
მაია ლომაია, რუსუდან გერსამია; რედ. მ. პერტენავა, ს. შამუგია, ა. შანავა, ი. ხარამიშვილი. |
| 264 ## - წარმოების, გამოცემის, დისტრიბუციის და სხვა ცნობები |
| გამოცემის, წარმოების, დისტრიბუციის... ადგილი |
თბილისი. |
| გამოცემის, წარმოების, დისტრიბუციის... სახელწოდება |
ილიას უნ-ტი. |
| გამოცემის, წარმოების, დისტრიბუციის... თარიღი |
2012. |
| 300 ## - ფიზიკური აღწერა |
| Extent |
200 გვ.; |
| Other physical details |
20 სმ. |
| 653 ## - INDEX TERM--UNCONTROLLED |
| Uncontrolled term |
მეგრული ტექსტები=MEGRELIAN TEXRTS |
| 700 ## - ADDED ENTRY--PERSONAL NAME |
| Personal name |
გერსამია, რუსუდან |
| Relator term |
ავტორი |
| 9 (RLIN) |
4757 |
| 700 ## - ADDED ENTRY--PERSONAL NAME |
| Personal name |
პერტენავა, მ. |
| Relator term |
რედაქტორი |
| 9 (RLIN) |
24139 |
| 700 ## - ADDED ENTRY--PERSONAL NAME |
| Personal name |
შამუგია, ს. |
| Relator term |
რედაქტორი |
| 9 (RLIN) |
24140 |
| 700 ## - ADDED ENTRY--PERSONAL NAME |
| Personal name |
შანავა, ა. |
| Relator term |
რედაქტორი |
| 9 (RLIN) |
24141 |
| 700 ## - ADDED ENTRY--PERSONAL NAME |
| Personal name |
ხარამიშვილი, ი. |
| Relator term |
რედაქტორი |
| 9 (RLIN) |
24142 |
| 942 ## - ADDED ENTRY ELEMENTS (KOHA) |
| Koha item type |
წიგნი |
| Source of classification or shelving scheme |
|